|
|
|
|
| LEADER |
00000nam0a2200000 4500 |
| 001 |
237674 |
| 005 |
20231101231544.0 |
| 010 |
|
|
|a 5935566478
|
| 035 |
|
|
|a (RuTPU)RU\TPU\book\258849
|
| 035 |
|
|
|a RU\TPU\book\62125
|
| 090 |
|
|
|a 237674
|
| 100 |
|
|
|a 20130516d2006 m y0rusy50 ca
|
| 101 |
0 |
|
|a rus
|
| 102 |
|
|
|a RU
|
| 105 |
|
|
|a y z 000ay
|
| 200 |
1 |
|
|a Легко!
|e роман
|f Н. В. Степанов
|
| 210 |
|
|
|a Москва
|c Армада
|c Альфа-книга
|d 2006
|
| 215 |
|
|
|a 377 с.
|
| 225 |
1 |
|
|a Фантастический боевик
|
| 330 |
|
|
|a Идти по жизни легко — девиз Алексея Рябцева, которому он старается следовать во всем: в работе, в общении, в личной жизни. Лишь однажды в метро неземные глаза незнакомки заставляют его отступить от своих принципов. И, словно в наказание, кольцевая линия выносит отступника в места настолько отдаленные, что, куда ни кинь, везде получается клин. А чтобы жизнь там не показалась раем, меняется не только окружающий пейзаж, но и сам Атексей. Теперь ему можно в фильмах ужасов сниматься без грима. Попробуй при таких обстоятельствах жить легко! И все же он пытается...
|
| 606 |
1 |
|
|a Русская литература современная
|2 stltpush
|3 (RuTPU)RU\TPU\subj\26373
|9 50316
|
| 610 |
1 |
|
|a романы
|
| 610 |
1 |
|
|a фантастика
|
| 610 |
1 |
|
|a боевики
|
| 675 |
|
|
|a Р2
|v 3
|
| 700 |
|
1 |
|a Степанов
|b Н. В.
|g Николай Викторович
|
| 801 |
|
1 |
|a RU
|b 63413507
|c 20031208
|g PSBO
|
| 801 |
|
2 |
|a RU
|b 63413507
|c 20130522
|g PSBO
|
| 942 |
|
|
|c BK
|